Największe rezerwy ropy naftowej - państwa - Statystyki

Ogólne statystyki
  • Ten quiz został rozwiązany 4 529 razy
    4 412 od ostatniego zresetowania
  • Średni wynik to 15 z 21
Statystyki odpowiedzi
Beczki Państwo % Poprawnych
47,1 mld Stany Zjednoczone
98%
80 mld Rosja
96%
259 mld Arabia Saudyjska
95%
26 mld Chiny
92%
209 mld Iran
89%
170 mld Kanada
88%
145 mld Irak
87%
97,8 mld Zjednoczone Emiraty Arabskie
86%
25,2 mld Katar
83%
12,7 mld Brazylia
80%
5,79 mld Meksyk
78%
102 mld Kuwejt
75%
304 mld Wenezuela
71%
8,12 mld Norwegia
63%
30 mld Kazachstan
59%
12,2 mld Algieria
50%
48,4 mld Libia
49%
36,9 mld Nigeria
45%
7 mld Azerbejdżan
29%
8,27 mld Ekwador
25%
7,78 mld Angola
21%
Nie znaleziono quizów pasujących do podanych kryteriów
Rozkład punktacji
Procent ludzi z każdym wynikiem
Percentyl według liczby udzielonych odpowiedzi
Twoja historia wyników
Nie rozwiązałeś tego quizu od ostatniego zresetowania